Les films de François Civil - Statistiques

Statistiques générales
  • Ce quiz a été pris 60 fois
  • Le résultat moyen est 7 sur 25
Statistiques - réponses
Par images Réponse % Correct
Les Trois Mousquetaires
77%
BAC nord
75%
Five
71%
L'Amour Ouf
71%
La Flamme
58%
Le chant du loup
56%
Deux moi
52%
Pas de vagues
40%
Mon inconnue
38%
Burn Out
35%
Fiasco
33%
En corps
23%
Ce qui nous lie
21%
Casting(s)
19%
Catacombes
15%
Dix pour cent
15%
Une zone à défendre
15%
Made in France
8%
Trop la classe !
4%
Une affaire
4%
Bus Palladium
2%
Celle que vous croyez
2%
Macadam Baby
2%
Nos résistances
2%
Soit je meurs, soit je vais mieux
2%
Aucun quiz correspondant
Distribution des résultats
% des personnes avec chaque résultat
Percentile par nombre de réponses
Votre historique - résultats
Vous n’avez pas pris ce quiz